000 01434nam a22003137a 4500
005 2010091802302.0
008 100915t xxu||||| |||| 00| 0 hin d
010 _aHIN-91984
020 _c350.00
_a8186907408
035 _aHN-64330
037 _bDBAD / PUB
040 _aDPL
_bHN
082 _a823.08
100 _920178
_aश्रीवास्तव, मंजूषा
110 _926418
245 _aडॉ. धर्मवीर भारती की काव्य- साधना /
_cमंजूषा श्रीवास्तव
246 _aDr.dharmaveer bharati ki kavya-sadhana
_bby manjusha srivastava
260 _aहैदराबाद
_bमिलिन्द प्रकाशन
_c2009
270 _a4-3-178/2 कन्दास्वामी बाग, हनुमान व्यायामशाला की गली, सुल्तान बाजार
_bहैदराबाद
_e500095
_k24753737 /3212529
300 _a319पृ.
_c22सेमी (सजिल्द)
600 _926453
650 _91159
650 _926117
700 _920179
700 _920333
700 _920540
942 _2ddc
_cHN
_mश्रीवास्त
_h823.08
999 _c50939
_d50939